GIOVANNI PAOLO II (Record n. 105342)
[ formato base ]
| 000 -LEADER | |
|---|---|
| fixed length control field | 02089agaaa2200325 4500 |
| 001 - CONTROL NUMBER | |
| control field | 6449 |
| 003 - CONTROL NUMBER IDENTIFIER | |
| control field | IT-RoPAU |
| 005 - DATE AND TIME OF LATEST TRANSACTION | |
| control field | 20220918181231.0 |
| 007 - PHYSICAL DESCRIPTION FIXED FIELD--GENERAL INFORMATION | |
| fixed length control field | d cvaizq |
| 008 - FIXED-LENGTH DATA ELEMENTS--GENERAL INFORMATION | |
| fixed length control field | 50131s9999||||xx ||| | || ||und|| |
| 040 ## - CATALOGING SOURCE | |
| Original cataloging agency | IT-RoPAU |
| Transcribing agency | IT-RoPAU |
| 041 ## - LANGUAGE CODE | |
| Language code of text/sound track or separate title | ITALIANO |
| 100 ## - MAIN ENTRY--PERSONAL NAME | |
| Personal name | Harrison John Kent |
| Miscellaneous information | Codice regista SPICS: 58541 |
| 9 (RLIN) | 40858 |
| 130 ## - MAIN ENTRY--UNIFORM TITLE | |
| Uniform title | GIOVANNI PAOLO II |
| 9 (RLIN) | 40859 |
| 245 ## - TITLE STATEMENT | |
| Title | GIOVANNI PAOLO II |
| Statement of responsibility, etc. | Prodotto da: Bernabei L. E M. -- Sceneggiatura: Contaldo Francesco Harrison John Kent -- Diretto da: Harrison John Kent |
| Name of part/section of a work | GIOVANNI PAOLO II (Rif. Codice opera principale : H6449) |
| 250 ## - EDITION STATEMENT | |
| Edition statement | Edizione Standard |
| 260 ## - PUBLICATION, DISTRIBUTION, ETC. (IMPRINT) | |
| Place of publication, distribution, etc. | (ITA - USA - POL.) |
| Name of publisher, distributor, etc. | RAI FICTION - LUX VIDE - GRUPA FILMOWA / Distribuzione: MULTIMEDIA SAN PAOLO |
| Date of manufacture | "2005 (1° ed.: 2006 ; Ed. Lingua Orig.: 2005)" |
| 300 ## - PHYSICAL DESCRIPTION | |
| Extent | DVD |
| Other physical details | sonoro, col. |
| Dimensions | 200 minuti |
| 508 ## - CREATION/PRODUCTION CREDITS NOTE | |
| Creation/production credits note | "Fotografia: Lucci Fabrizio; Montaggio: Lucidi A. Van Eeghen; Musica: Frisina Marco; Sceneggiatura: Contaldo Francesco Harrison John Kent; Scenografia: Basile Pier Luigi; Soggetto: Arlanch Francesco -- Basile Salvatore" |
| 511 ## - PARTICIPANT OR PERFORMER NOTE | |
| Participant or performer note | "Voight Jon; Elwes Cary; Cromwell James; Lee Christopher; Gazzara Ben; Pecci Daniele" |
| 520 ## - SUMMARY, ETC. | |
| Summary, etc. | "FIL TV SULLA VITA DI GIOVANNI PAOLO II. STUDENTE MODELLO, ATTORE DI TALENTO, SPORTIVO APPASSIONATO, INTELLETTUALE SOVVERSIVO, OPERAIO, DRAMMATURGO, POETA, SCRITTORE, FILOSOFO... KAROL WOJTYLA AVREBBE POTUTO FARE QUALSIASI COSA NELLA VITA, MA DIO LHA SCELTO PER ESSERE IL SUO SERVO INUTILE. DIVENTO' PAPA GIOVANNI PAOLO II. CONTENUTI EXTRA: BACKSTAGE; FILMOGRAFIE ESSENZIALI.FILM TRASMESSO TA RAIUNO NEL DICEMBRE 2005." |
| 538 ## - SYSTEM DETAILS NOTE | |
| System details note | PAL, STEREO |
| 546 ## - LANGUAGE NOTE | |
| Language note | ITALIANO |
| 650 ## - SUBJECT ADDED ENTRY--TOPICAL TERM | |
| Topical term or geographic name as entry element | DRAMMATICO - BIOG |
| Relator term | DVD-FILM [DVD] |
| General subdivision | Codice MATERIA SPICS: 9947 |
| 9 (RLIN) | 40860 |
| 700 ## - ADDED ENTRY--PERSONAL NAME | |
| Personal name | Arlanch Francesco |
| Relator term | (soggetto) |
| Miscellaneous information | Codice Soggetto SPICS: 58279 |
| 9 (RLIN) | 40861 |
| 700 ## - ADDED ENTRY--PERSONAL NAME | |
| Personal name | Basile Salvatore |
| Relator term | (soggetto) |
| Miscellaneous information | Codice Soggetto 2° SPICS: 58542 |
| 9 (RLIN) | 40862 |
| 700 ## - ADDED ENTRY--PERSONAL NAME | |
| Personal name | Frisina Marco |
| Relator term | (musica) |
| Miscellaneous information | Codice Musica SPICS: 38406 |
| 9 (RLIN) | 40863 |
| 700 ## - ADDED ENTRY--PERSONAL NAME | |
| Personal name | Harrison John Kent |
| Relator term | (regista) |
| Miscellaneous information | Codice regista SPICS: 58541 |
| 9 (RLIN) | 40864 |
| 942 ## - ADDED ENTRY ELEMENTS (KOHA) | |
| Koha item type | DVD |
| Source of classification or shelving scheme | Dewey Decimal Classification |
| Withdrawn status | Lost status | Damaged status | Not for loan | Home library | Current library | Date acquired | Total Checkouts | Full call number | Date last seen | Price effective from | Koha item type | Public note |
|---|---|---|---|---|---|---|---|---|---|---|---|---|
| Buone Condizioni | Not For Loan | SPICS-MEDIATECA | SPICS-MEDIATECA | 31/01/2015 | H6449 | 31/01/2015 | 31/01/2015 | DVD | Progr. Ins.: 3450 / N.Vol.:2 / Copie: 1 / Pag.:0 / Copia rara: n.d. / date import: 1.2.2015 / By Epidotti, Trombetti, Vaglietti |